Statystyki dla Odgadnij kraj na podstawie potraw!

Kliknij tutaj aby rozwiązać quiz!

Ogólne statystyki

  • Ten quiz został rozwiązany 86 razy
  • Średni wynik to 13 z 21

Statystyki odpowiedzi

PotrawaPaństwo% Poprawnych
Kotlet schabowyPolska
100%
Barszcz ukraińskiUkraina
99%
SushiJaponia
96%
HamburgerUSA
96%
PaellaHiszpania
88%
GulaszWęgry
84%
Yorkshire puddingWielka Brytania
84%
Pad ThaiTajlandia
73%
Zupa phoWietnam
71%
PoutineKanada
65%
Stek z frytkamiFrancja
62%
KöttbullarSzwecja
61%
hákarl - sfermentowany rekinIslandia
56%
Chaczapuri z seremGruzja
55%
Vepro-knedlo-zelo - pieczeń wieprzowaCzechy
51%
Bacalhau - suszony i solony dorszPortugalia
49%
Czarne risotto (Crni rižot)Chorwacja
44%
HummusIzrael
40%
Nasi gorengIndonezja
38%
Kabseh/KabsaArabia Saudyjska
22%
Kibbeh nayehLiban
14%

Rozkład punktacji

Percentyl według liczby udzielonych odpowiedzi

Procent ludzi z każdym wynikiem

Twoja historia wyników

Nie rozwiązałeś tego quizu